| 000 | 00385nam a2200133Ia 4500 | ||
|---|---|---|---|
| 008 | 170516s9999 xx 000 0 und d | ||
| 245 | _aProgress of small molecular inhibitors in the development of anti-influenza virus agents | ||
| 260 | _bTheranostics | ||
| 260 | _c2017 | ||
| 300 | _a7:4 | ||
| 650 | _xMedical Technology | ||
| 650 | _xMedtech | ||
| 856 | _uhttp://www.thno.org/v7i4 | ||
| 999 |
_c330666 _d330666 |
||